000 01209aam a2200301 i 4500
001 768714001
003 CO-MdFUSB
005 20240220155846.0
007 ta
008 240220t1948 ag |||| |||| 00| 0 spa d
040 _cCO-MdFUSB
041 0 _aspa
082 0 4 _a264.23
_223
_bN7142d
100 1 _aNinde, Eduardo S. (Summerfield) (1866-1935)
_eautor
240 _aNineteen centuries of Christian song
245 1 0 _aDiecinueve siglos de canto cristiano
_c/ Eduardo S. Ninde
264 1 _bLa Aurora,
_aBuenos Aires :
_c[1948]
264 4 _c©1948
300 _a191 páginas
_c; 18cm
336 _atexto
_btxt
_2rdacontent
337 _2rdamedia
_asin mediación
_bn
338 _2rdacarrier
_avolumen
_bnc
505 _aHimnos de la iglesia primitiva. -- himnos siríacos y griegos. -- Himnos latinos. -- Himnos alemanes. -- Himnos franceses. -- Salmos simétricos e himnos pre-wattsianos. -- Isaac Watts y sus contemporáneos. -- Los himnos de los Wesley. -- Otros himnólogos del siglo XVIII. -- Cowper y Newton. -- Acotaciones sobre algunos himnólogos del siglo XIX.
563 _aPasta dura
653 _aHimnos religiosos - Historia y critica
942 _cBK
945 _aJTF-925
999 _c40693
_d40693